Normal view MARC view

Entry Nombre personal

Number of records used in: 2

001 - NÚMERO DE CONTROL

  • campo de control: 174271

003 - IDENTIFICADOR DE NÚMERO DE CONTROL

  • campo de control: SpMaBN

005 - FECHA Y HORA DE LA ÚLTIMA TRANSACCIÓN

  • campo de control: 20231220144022.0

008 - ELEMENTOS DE DATO DE LONGITUD-FIJA

  • campo de control de longitud fija: 960922nn ainnnaabn n aac

016 ## - NÚMERO DE CONTROL DE UNA AGENCIA BIBLIOGRÁFICA NACIONAL

  • Número de control del registro: BNE19998775186

040 ## - FUENTE DE CATALOGACIÓN

  • Centro catalogador/agencia de origen: SpMaBN
  • Lengua de catalogación: spa
  • Centro/agencia transcriptor: CDM

100 1# - ENCABEZAMIENTO-NOMBRE DE PERSONA

  • Nombre de persona: Peña Pastor, Concepción,
  • Fechas asociadas al nombre: 1906-1960

373 ## - GRUPO ASOCIADO

  • Grupo asociado: Ateneo de Madrid
  • Fuente de información: Ezama Gil, Ángeles. Las musas suben a la tribuna: visibilidad y autoridad de las mujeres en el Ateneo de Madrid, 1882-1939 (2018); Listado de socios anteriores a 1 de abril de 1939 (Archivo del Ateneo)

375 ## - GÉNERO/SEXO

  • Género: Femenino

400 1# - TRAZADO DE VÉASE--NOMBRE DE PERSONA

  • Nombre de persona: Peña, Concha,
  • Fechas asociadas al nombre: 1906-1960

678 ## - DATOS BIOGRÁFICOS O HISTÓRICOS

  • Datos biográficos o históricos: Socia del Ateneo de Madrid n. 10608
  • Ampliación de la nota: Fuentes: Ezama Gil, Ángeles. Las musas suben a la tribuna: visibilidad y autoridad de las mujeres en el Ateneo de Madrid, 1882-1939 (2018); Listado de socios anteriores a 1 de abril de 1939 (Archivo del Ateneo)